Acteurs du film Le père Noël est une ordure par images - Statistiques

Statistiques générales
  • Ce quiz a été pris 1 767 fois
  • Le résultat moyen est 5 sur 8
Statistiques - réponses
Par images Hint Réponse % Correct
Pierre Mortez Thierry Lhermitte
93%
Félix Gérard Jugnot
91%
Katia Christian Clavier
77%
Marie-Ange Musquin Josiane Balasko
70%
Josette Marie-Anne Chazel
64%
Thérèse de Monsou Anémone
63%
le Réalisateur Jean-Marie Poiré
23%
Zedko Presgovic Bruno Moynot
19%
Aucun quiz correspondant
Distribution des résultats
% des personnes avec chaque résultat
Percentile par nombre de réponses
Votre historique - résultats
Vous n’avez pas pris ce quiz